|
|
|
|
| LEADER |
01664nam a2200253 a 4500 |
| 001 |
GR-MES1266 |
| 008 |
991111s1975 gr 000 0 gre d |
| 040 |
|
|
|a GrPaTEI
|b gre
|c GR-PaULI
|
| 245 |
0 |
0 |
|a Μακροοικονομική θεωρία =
|b Macroeconomic theory.
|
| 260 |
|
|
|a Αθήνα :
|b Παπαζήσης,
|c 1975
|
| 300 |
|
|
|a 537σελ.
|
| 490 |
1 |
|
|a Βιβλιοθήκη σύγχρονης οικονομικής αναλύσεως
|
| 650 |
|
4 |
|a Μακροοικονομική θεωρία
|
| 700 |
1 |
|
|a Ackley, Gardner
|
| 700 |
1 |
|
|a Διαμαντόπουλος, Θανάσης Σ.,
|d 1951-
|
| 700 |
1 |
|
|a Κολλιάκος, Μιχάλης
|
| 830 |
|
0 |
|1 0015507
|1 2001
|a Εγχειρίδιο εκτάκτων περιστατικών & καταστροφών (Σ. Διονυσιάδη)
|
| 942 |
|
|
|2 ddc
|
| 952 |
|
|
|0 1
|1 0
|2 ddc
|4 0
|6 339_000000000000000_ACK
|7 0
|9 265276
|a MSLG
|b MSLG
|c BSC
|d 2021-01-17
|e 24
|f 0
|g 0.00
|l 0
|o 339 ACK
|p 2420000004938
|r 2021-01-17 00:00:00
|t 1
|w 2021-01-17
|y BK15
|x 20080121 0 1
|x GrPaTEI
|
| 952 |
|
|
|0 1
|1 0
|2 ddc
|4 0
|6 339_000000000000000_ACK
|7 0
|9 265277
|a MSLG
|b MSLG
|c BSC
|d 2021-01-17
|e 24
|f 0
|g 0.00
|l 0
|o 339 ACK
|p 2420000005134
|r 2021-01-17 00:00:00
|t 1
|w 2021-01-17
|y BK15
|x 19991111 0 1
|x GrPaTEI
|
| 952 |
|
|
|0 1
|1 0
|2 ddc
|4 0
|6 339_000000000000000_ACK
|7 0
|9 265278
|a MSLG
|b MSLG
|c BSC
|d 2021-01-17
|e 24
|f 0
|g 0.00
|l 0
|o 339 ACK
|p 2420000006803
|r 2021-01-17 00:00:00
|t 1
|w 2021-01-17
|y BK15
|x 20080121 0 1
|x GrPaTEI
|
| 952 |
|
|
|0 1
|1 0
|2 ddc
|4 0
|6 339_000000000000000_ACK
|7 0
|9 265279
|a MSLG
|b MSLG
|c BSC
|d 2021-01-17
|e 24
|f 0
|g 0.00
|l 0
|o 339 ACK
|p 2420000012990
|r 2021-01-17 00:00:00
|t 1
|w 2021-01-17
|y BK15
|x 20080121 0 1
|x GrPaTEI
|
| 971 |
|
|
|a .b2572308x
|b 16-04-20
|c 13-09-16
|
| 999 |
|
|
|c 152527
|d 152527
|